• 首页
  • 本馆介绍
  • 公告通知
  • 最新文献
  • 馆藏检索
  • 电子资源
  • 读者导购
  • 参考咨询
  • 我的图书馆
  • 登录
  • 详细信息显示
  • 放入我的书架
  • 预约/预借图书
  • 作者相关作品
  • 分类相关作品
  • 丛书相关作品
  • 出版社相关作品

书目信息

  • 表格格式
  • 工作单格式
  • 卡片格式
题名:
走下金銮殿的皇帝
    
 
作者: 完颜绍元 著
分册:  
出版信息: 天津   天津教育出版社  1994
页数: 231页
开本: 19cm
丛书名: 趣味中国历史小丛书
单 册:
中图分类: K242.4
科图分类:
主题词: 皇帝--生平事迹--中国 , 中国--历史
电子资源:
ISBN: 7-5309-1932-6
000 00811nam2 2200265 45
001 1552366960
005 20150128101727.51
010    @a7-5309-1932-6@dCNY4.75
100    @a19950511d1994 em y0chiy0121 ea
101 0  @achi
102    @aCN@b120000
105    @ay z 000zd
200 10 @a走下金銮殿的皇帝@AZOU XIA JIN LUAN DIAN DE HUANG DI@f完颜绍元著@FWAN YAN SHAO YUAN ZHU
210    @a天津@c天津教育出版社@d1994
215    @a231页@d19cm
225 2  @a趣味中国历史小丛书
330    @a分:“起居注”里的天子、文采风流今尚存、闲话“太上皇”等8章。
410  0 @120010@a趣味中国历史小丛书
540 1  @a皇帝@AHUANG DI
606    @a皇帝@x生平事迹@y中国
606 0  @a中国@x历史
690    @aK242.4@v4
701  0 @a完颜绍元@AWAN YAN SHAO YUAN@4著
801  0 @aCN@bTSSF@c20150128
905    @aZUCC@dK242.4@eJY127
    
    走下金銮殿的皇帝/完颜绍元著.-天津:天津教育出版社,1994
    231页;19cm.-(趣味中国历史小丛书)
    
    
    ISBN 7-5309-1932-6:CNY4.75
    分:“起居注”里的天子、文采风流今尚存、闲话“太上皇”等8章。
●
相关链接 在E读中查询图书 在五车中查询图书 在当当中查询图书 在豆瓣中查询图书


正题名:走下金銮殿的皇帝     索取号:K242.4/JY127         预约/预借

序号 登录号 条形码 馆藏地/架位号 状态 备注
1 7855467   278554672   学院路分馆/ [索取号:K242.4/JY127] 在馆    
2 7855469   278554690   学院路分馆/ [索取号:K242.4/JY127] 在馆    
3 7855472   278554725   学院路分馆/ [索取号:K242.4/JY127] 在馆    
4 7855478   278554789   学院路分馆/ [索取号:K242.4/JY127] 在馆    
唐山师范学院图书馆 欢迎您!
大连网信软件有限公司© 版权所有